Manhunt, From 9/11 to Abbottabad (Record no. 321496)
[ view plain ]
| 000 -LEADER | |
|---|---|
| fixed length control field | 00351 a2200133 4500 |
| 001 - CONTROL NUMBER | |
| control field | 86423 |
| 003 - CONTROL NUMBER IDENTIFIER | |
| control field | NUST |
| 005 - DATE AND TIME OF LATEST TRANSACTION | |
| control field | 20180122134634.0 |
| 008 - FIXED-LENGTH DATA ELEMENTS--GENERAL INFORMATION | |
| fixed length control field | 180122b xxu||||| |||| 00| 0 eng d |
| 020 ## - INTERNATIONAL STANDARD BOOK NUMBER | |
| International Standard Book Number | 9781847922007 |
| 082 ## - DEWEY DECIMAL CLASSIFICATION NUMBER | |
| Classification number | 363.32516092 BER |
| 100 ## - MAIN ENTRY--PERSONAL NAME | |
| Personal name | Bergen, Peter |
| 9 (RLIN) | 9481 |
| 245 ## - TITLE STATEMENT | |
| Title | Manhunt, From 9/11 to Abbottabad |
| Statement of responsibility, etc. | Bergen, Peter |
| Medium | English |
| 260 ## - PUBLICATION, DISTRIBUTION, ETC. | |
| Place of publication, distribution, etc. | London |
| Name of publisher, distributor, etc. | Bodley Head |
| Date of publication, distribution, etc. | 2012 |
| 300 ## - PHYSICAL DESCRIPTION | |
| Extent | xxi+360p. |
| 942 ## - ADDED ENTRY ELEMENTS (KOHA) | |
| Institution code [OBSOLETE] | AHQ |
| Koha item type | Book |
| Call number prefix | 363.32516092 BER |
| Source of classification or shelving scheme | |
| Withdrawn status | Lost status | Damaged status | Not for loan | Collection code | Permanent Location | Current Location | Date acquired | Total Checkouts | Full call number | Barcode | Date last seen | Price effective from | Koha item type |
|---|---|---|---|---|---|---|---|---|---|---|---|---|---|
| College of Aeronautical Engineering (CAE) | College of Aeronautical Engineering (CAE) | 04/03/2017 | 363.32516092 BER | CAE85244 | 04/05/2017 | 04/05/2017 | Book |
